Niekoľko poznámok k problematike pracovných podmienok.

Charakteristika vývoja postojov medzinárodných organizácií k pracovným podmienkam. Základné princípy programu MOP nazvaného PIACT, súvisiaceho s pracovnými podmienkami. Vymedzenie pracovných podmienok v najširšom i v užšom slova zmysle. Postupy pri riadení problému neuspokojivých pracovných podmieno...

Description complète

Enregistré dans:
Détails bibliographiques
Auteur principal: Prušová, A.
Autres auteurs: Novák, B.
Format: Chapitre de livre
Langue:slovaque
Sujets:
Tags: Ajouter un tag
Pas de tags, Soyez le premier à ajouter un tag!

MARC

LEADER 00000naa a2200000 4500
001 r008317
005 20220831090620.0
041 0 |a slo 
044 |a [CS] 
245 1 0 |a Niekoľko poznámok k problematike pracovných podmienok.  |c A. Prušová, B. Novák 
520 |a Charakteristika vývoja postojov medzinárodných organizácií k pracovným podmienkam. Základné princípy programu MOP nazvaného PIACT, súvisiaceho s pracovnými podmienkami. Vymedzenie pracovných podmienok v najširšom i v užšom slova zmysle. Postupy pri riadení problému neuspokojivých pracovných podmienok. Riešenie problematiky v ČSFR. 
610 2 0 |a podmienky pracovné 
610 2 0 |a organizácie medzinárodné 
610 2 0 |a MOP 
610 2 0 |a ČSFR 
610 2 0 |a zákonník práce 
100 1 |a Prušová, A. 
700 1 |a Novák, B.